Sugar rush /

Gespeichert in:
Bibliographische Detailangaben
1. Verfasser: Burchill, Julie (Verfasst von)
Format: Buch
Sprache:Englisch
Veröffentlicht: London : Young Picador, c2004
Tags: Tag hinzufügen
Keine Tags, Fügen Sie das erste Tag hinzu!

MARC

LEADER 00000nam a22000007i 4500
001 IT\ICCU\UBO\3682232
003 ItRI
005 20260115232001.0
008 090902s2004 xxk|||||| ||||| |||||c
020 |a 9780330415835 
040 |b ita  |c importazione bologna sebina 
041 7 |a eng  |2 ISO-639-2 
100 1 |a Burchill, Julie  |0 IT\ICCU\RAVV\046311  |4 aut 
245 1 0 |a Sugar rush /  |c Julie Burchill. 
260 |a London :  |b Young Picador,  |c c2004 
300 |a 229 p. ;  |c 19 cm. 
942 |2 ddc  |c BK  |n 0 
952 |0 0  |1 0  |4 0  |6 R_823_920000000000000_BUR  |7 0  |9 18484  |a BO  |b BO  |d 2026-01-15  |i 13004  |l 0  |o R 823.92 BUR  |p BO13004  |r 2026-01-15 23:20:01  |w 2026-01-15  |x [Sebina 5] [1 v.]  |y BK  |z 1 v. 
999 |c 15648  |d 15648